La Constitucin̤ Polt̕ica de los Estados Unidos Mexicanos

Detalles Bibliográficos
Autor principal: Cr̀denas, Jaime
Formato: eBook
Lenguaje:español
Publicado: Mx̌ico DF: Nostra Ediciones, 2007
Materias:
Acceso en línea:Acceso restringido

MARC

LEADER 00000nam a22000007a 4500
005 20170530005214.0
007 cr|||| ||||
008 170530s2007 mx |||||s|||| 00||0 spa d
020 |a 978-968-5447-38-6 
035 |a 20272 
040 |a vLex 
090 |c 6722  |d 6722 
100 1 |a Cr̀denas, Jaime 
245 1 2 |a La Constitucin̤ Polt̕ica de los Estados Unidos Mexicanos  |h [Recurso electrn̤ico] /  |c Jaime Cr̀denas 
256 |a Servicio en ln̕ea 
260 |a Mx̌ico DF:  |b Nostra Ediciones,  |c 2007 
300 |a 1 recurso electrn̤ico 
500 |a Este libro contiene el texto n̕tegro que conforma nuestra Constitucin̤, cada uno de sus artc̕ulos y sus l︢timas reformas, acompaądos de una sn̕tesis de los temas que refieren, as ̕como de una explicacin̤ jurd̕ica, accesible, sencilla y detallada de su significado e implicaciones. Esta edicin̤ contiene un glosario, un n̕dice analt̕ico y una cronologa̕ histr̤ica de las diferentes constituciones de Mx̌ico. Las reformas a la Carta Magna realizadas desde diciembre de 2006 hasta mediados de 2010, son comentadas por Luisa Fernanda Tello y pueden consultarse en www.nostraediciones.com 
506 1 |a Disponible solo en los productos indicados  |d vLex Global  |d vLex Global (Academic Edition, excluding Law Schools)  |d vLex Global (U.S. Academic Edition, Law Schools)  |d vLex Global (U.S. Academic Edition, excluding Law Schools)  |d vLex Global (Academic Edition, Law Schools) 
650 0 4 |a Derecho Constitucional  |z Mx̌ico 
740 0 |a vLex Libros (Servicio en ln̕ea) 
856 4 0 |u http://vlex.com/source/constitucion-politica-de-los-estados-unidos-mexicanos-20272  |z Acceso restringido 
942 |c BOOK 
999 0 |a Constitutional right